000 00435nam a2200157Ia 4500
999 _c47532
_d47532
003 GCL
005 20240530104425.0
008 140319s9999 xx 000 0 ara d
040 _aGCL /
_cGCL
082 0 4 _a170
_bك ت
100 1 _aكانت ، امانويل
245 1 0 _aتاسيس ميتافيزيقا الاخلاق /
_cامانويل كانت
300 _a139 ص
700 1 _aعبدالغفار مكاوى
942 _2ddc
_cBK